| 000 | 00490nam a22001817a 4500 | ||
|---|---|---|---|
| 005 | 20240117100118.0 | ||
| 008 | 230915b |||||||| |||| 00| 0 eng d | ||
| 082 |
_a612 _bMUS-E |
||
| 100 | _aMushtaq, Ahmad | ||
| 245 |
_aEssentials of Medical Physiology-2/ _cMushtaq Ahmad. |
||
| 250 | _a5th ed. | ||
| 260 |
_aPakistan: _bSalman Publisher; _c2011. |
||
| 300 |
_aviii, 438 p : _bill; _c21 cm. |
||
| 490 | _vvol-2 | ||
| 500 | _aIncludes Index. | ||
| 650 | _aPhysioloy/Medical | ||
| 999 |
_c33589 _d33589 |
||